Sports Quiz

Random Sports or Canada Quiz

NHL All-Stars on Canadian Stamps I (Picture Click) Quiz Stats

Quiz not verified by Sporcle

Score 0/12 Timer 04:00
0 Plays Today
% Correct
Gordie Howe
94.4%
Marcel Dionne
69.7%
Grant Fuhr
69.6%
Denis Potvin
64.6%
Phil Esposito
64.5%
Guy LaFleur
63.9%
Johnny Bower
60.9%
Allan Stanley
59.8%
John Bucyk
59.1%
Doug Harvey
57.1%
Brad Park
51.5%
Howie Morenz
49.7%

You're not logged in!

Compare scores with friends on all Sporcle quizzes.
Sign Up with Email
OR
Log In

You Might Also Like...

Show Comments

Extras

Top Quizzes Today


Score Distribution

Your Account Isn't Verified!

In order to create a playlist on Sporcle, you need to verify the email address you used during registration. Go to your Sporcle Settings to finish the process.